LEADER 01153nas a2200217 i 4500 001 000000000261 003 CaOOAMICUS 005 20221228142408.0 008 180830d19792008it zx u0 z|ita u 040 $aSeMil$bita 110 2 $aCentro di Studi Avellaniti .$0(OLS)http://semarc/name/247 245 10$aAtti dei convegni del Centro di Studi Avellaniti$h[generale di collana]. 264 1$aNegarine di S. Pietro in Cariano (VR) :$bIl Segno dei Gabrielli,$c1979-2008. 300 $a29 v. ;$c24 cm. 500 $aConclude le pubblicazioni col vol. 29. 830 0$aAtti dei convegni del Centro di Studi Avellaniti.$0(OLS)http://semarc/title/435 850 $aSeMil 852 $aSeMil$W1$xVenegono$y1$mVedi "Titolo uniforme di collana" per le collocazioni dei singoli volumi$j222888$qSottoscrizione conclusa: collana cessata$B243809$CSeMilBibl$Z2$F243809 $81 996 $6245$aAtti dei convegni del Centro di Studi Avellaniti$h[generale di collana]$9(OLS)http://semarc/title/442473 996 $6264$aNegarine di S. Pietro in Cariano (VR) :$bIl Segno dei Gabrielli$9(OLS)http://semarc/publisher/53305 LEADER 01036nam a2200241 i 4500 001 000000109660 003 CaOOAMICUS 005 20040610000000.0 008 040610s1966 it u000 u ita u 013 $a82340 040 $aSeMil$bita 100 1 $aGiorgione.$0(OLS)http://semarc/name/46009 245 10$aGiorgione /$cElena Lombardo Petrobelli. 260 $aFirenze :$bSadea Sansoni,$ccopyr. 1966. 300 $a39 p., 80 p. di tav. :$bill. ;$c18 cm. 490 0 $aI diamanti dell'arte : biblioteca di pittura, scultura e architettura ;$v3 600 04$aGiorgione .$0(OLS)http://semarc/subject/16859 700 1 $aLombardo Petrobelli, Elena.$0(OLS)http://semarc/name/46010 830 2$aI diamanti dell'arte ;$v3.$0(OLS)http://semarc/title/15551 850 $aSeMil 852 $aSeMil$W1$xVenegono$y1$m5P I 38$j65625$B65625$CSeMilBibl$Z2$F83726 $81 996 $6245$aGiorgione$9(OLS)http://semarc/title/159245 996 $6260$aFirenze :$bSadea Sansoni$9(OLS)http://semarc/publisher/33238